| 000 | 00989cam a22001931 4500 | ||
|---|---|---|---|
| 082 |
_a690 _bACK _cL-14,P-27. |
||
| 100 | 1 |
_aAckerman, Adolph John. _945113 |
|
| 245 | 1 | 0 |
_aConstruction planning and plant, _cby Adolph J. Ackerman ... and Charles H. Locher. |
| 250 | _a1st ed. | ||
| 260 |
_aNew York and London, _bMcGraw-Hill Company, Inc., _c1940. |
||
| 300 |
_axviii, 381 p. _bincl. illus., tables, diagrs. _c24 cm. |
||
| 500 | _a"The contents of this book first appeared as a series of twenty-six articles in the McGraw-Hill publication Construction methods from November, 1935 to March, 1938. Much of the subject matter is the same as that originally published, but all of it has been brought up to date and some new sections and reference tables have been added."-Pref. | ||
| 526 |
_a0 _b0 _c0 _d690_000000000000000_ACK |
||
| 650 | 0 | _aEngineering. | |
| 650 | 0 |
_aMCE _9379 |
|
| 650 | 0 |
_aPublic works _zUnited States. _945114 |
|
| 700 | 1 |
_aLocher, Charles Hunter, _945115 |
|
| 942 |
_2ddc _cBK |
||
| 999 |
_c548709 _d548709 |
||